00637nam a2200217Ia 4500003000900000008004100009020001900050040001600069080001200085245005900097250001100156260003700167300001600204650002000220650001900240650002100259700002800280942000700308999001500315952008900330IN-BaIIA211028s9999 xx 000 0 eng d a0-08379-1106-0 cIIA Library a58bMAR 0aWho's who in the world 1982-1983cedited by Adele Hast a6th ed aChicagobMarquis Who's Whoc1982 axiv, 1178p. aBiography91224 aNASA Thesaurus aYear Book911210 aHast, Adele, ed.913110 cBK c7760d7760 00104070aBANbBANcGENd1983-08-30l0o058/ MARp8577r2021-11-05w1983-08-30yBK